| 000 | 00505nam a2200169Ia 4500 | ||
|---|---|---|---|
| 999 |
_c24902 _d24902 |
||
| 003 | OSt | ||
| 005 | 20201216151439.0 | ||
| 008 | 190216s9999||||xx |||||||||||||| ||und|| | ||
| 040 | _coclc | ||
| 082 |
_a894.812 _bBAL/K |
||
| 100 |
_aBalakrishnan, P K _91791 |
||
| 245 | 0 |
_aKavyakala Kumaran Asanilute / _cP K Balakrishnan |
|
| 260 |
_bSreeni Printers, _aTrivandrum: _c1970. |
||
| 300 | _a328p | ||
| 650 | _aSahithya Vimarshanam | ||
| 942 |
_cBK _2ddc _h894.812 _iBAL/K _k894.812 _mBAL/K |
||